| 000 | 00827cab a2200229 4500 | ||
|---|---|---|---|
| 001 | WB3404-28 | ||
| 008 | 090401t1998 xxu||||| |||| 00| 0 eng d | ||
| 035 | _a(Sirsi) u83403 | ||
| 041 | _aeng | ||
| 245 | _aFBTs help expansion | ||
| 260 | _c1998 | ||
| 350 | _a0 | ||
| 490 |
_aFarmers' Weekly _v23 January 1998, 25(1) |
||
| 520 | _aA MAFF-funded study shows that farm business tenancies have helped existing farmers expand rather than attracting new entrants into the industry. "Economic evaluation of the Agricultural Tenancies Act 1995" (£35.00) | ||
| 650 | _aPROPERTY-LANDLORD AND TENANT-TENANCIES-AGRICULTURAL TENANCIES | ||
| 650 | _aECONOMIC FACTORS | ||
| 650 | _aFARM BUSINESS TENANCIES | ||
| 650 | _aFARM RENTS | ||
| 690 | _aLANDLORD AND TENANT-AGRICULTURAL TENANCIES | ||
| 942 | _n0 | ||
| 948 | _c29/01/1998 | ||
| 999 |
_c52677 _d52677 |
||